[Event "SVK-chT2D 0910"]
[Site "Slovakia"]
[Date "2009.10.11"]
[Round "2.4"]
[White "Brodzak, Jan"]
[Black "Levicky, Michal"]
[Result "0-1"]
[WhiteElo "1979"]
[BlackElo "1842"]
[PlyCount "120"]
[EventDate "2009.10.10"]
[EventType "team"]
[EventRounds "11"]
[EventCountry "SVK"]
[SourceTitle "EXT 2011"]
[Source "ChessBase"]
[SourceDate "2010.11.26"]
[SourceVersion "1"]
[SourceVersionDate "2010.11.26"]
[SourceQuality "1"]
[WhiteTeam "Magura Zborov"]
[BlackTeam "Michalovce Zemplin II"]
[WhiteTeamCountry "SVK"]
[BlackTeamCountry "SVK"]

1. d4 e6 2. c4 d5 3. Nf3 Nf6 4. Nc3 c6 5. e3 Nbd7 6. a3 Bd6 7. c5 Bc7 8. b4 e5 9. h3 e4 10. Nh2 Bxh2 11. Rxh2 0-0 12. Be2 Ne8 13. Rh1 f5 14. h4 Ndf6 15. g3 a6 16. Bd2 Be6 17. a4 Bf7 18. b5 axb5 19. axb5 Rxa1 20. Qxa1 Bh5 21. Bxh5 Nxh5 22. b6 Nhf6 23. Ke2 Nd7 24. Qa7 Qc8 25. Qa2 Nef6 26. Ra1 Nb8 27. Kf1 Na6 28. Ne2 Qe8 29. Nf4 h6 30. Be1 g5 31. Ng2 Ng4 32. Qe2 Nh2+ 33. Kg1 Nf3+ 34. Kf1 Qh5 35. Qd1 Qg4 36. Bc3 Qh3 37. Ke2 Qxg2 38. hxg5 hxg5 39. Be1 Rf7 40. Qb3 Rh7 41. Rxa6 Rh1 42. Ra8+ Kg7 43. Qc3 Rxe1+ 44. Qxe1 Nxe1 45. Kxe1 Qh1+ 46. Ke2 Qh7 47. Rc8 Kf6 48. Rc7 Qg8 49. Rxb7 f4 50. Rc7 f3+ 51. Kd1 Qa8 52. b7 Qa4+ 53. Kc1 Qc4+ 54. Kb2 Qb5+ 55. Kc1 Qf1+ 56. Kb2 Qxf2+ 57. Kb1 Qf1+ 58. Ka2 Qa6+ 59. Kb3 Qb5+ 60. Kc2 Kf5 0-1

[Event "SVK-chT2D 0809"]
[Site "Slovakia"]
[Date "2008.11.09"]
[Round "4.6"]
[White "Polovka, Milan"]
[Black "Levicky, Michal"]
[Result "1/2-1/2"]
[WhiteElo "1843"]
[BlackElo "1832"]
[PlyCount "28"]
[EventDate "2008.10.11"]
[EventType "team-tourn"]
[EventRounds "11"]
[EventCountry "SVK"]
[SourceTitle "EXT 2010"]
[Source "ChessBase"]
[SourceDate "2010.11.25"]
[SourceVersion "1"]
[SourceVersionDate "2010.11.25"]
[SourceQuality "1"]
[WhiteTeam "Spisska Nova Ves"]
[BlackTeam "Michalovce Zemplin II"]
[WhiteTeamCountry "SVK"]
[BlackTeamCountry "SVK"]

1. e4 e6 2. Nf3 d5 3. e5 c5 4. c3 Nc6 5. Bb5 Bd7 6. Bxc6 bxc6 7. 0-0 Ne7 8. d4 cxd4 9. cxd4 Nf5 10. Nc3 c5 11. b3 cxd4 12. Nxd4 Nxd4 13. Qxd4 Qc7 14. Be3 Be7 1/2-1/2

[Event "SVK-chT2D 0809"]
[Site "Slovakia"]
[Date "2008.10.11"]
[Round "1.5"]
[White "Levicky, Michal"]
[Black "Mindok, Lubomir"]
[Result "1/2-1/2"]
[WhiteElo "1832"]
[BlackElo "1780"]
[PlyCount "53"]
[EventDate "2008.10.11"]
[EventType "team-tourn"]
[EventRounds "11"]
[EventCountry "SVK"]
[SourceTitle "EXT 2010"]
[Source "ChessBase"]
[SourceDate "2010.11.25"]
[SourceVersion "1"]
[SourceVersionDate "2010.11.25"]
[SourceQuality "1"]
[WhiteTeam "Michalovce Zemplin II"]
[BlackTeam "Hranovnica"]
[WhiteTeamCountry "SVK"]
[BlackTeamCountry "SVK"]

1. d4 Nf6 2. Nf3 g6 3. g3 b6 4. Bg2 Bb7 5. 0-0 Bg7 6. Re1 0-0 7. Bf4 d6 8. c4 Nbd7 9. Nc3 Re8 10. d5 e5 11. Bg5 h6 12. Bxf6 Nxf6 13. e4 Bc8 14. a4 Bd7 15. a5 Qc8 16. b4 Bf8 17. Qb3 Rb8 18. axb6 axb6 19. Ra7 Rb7 20. Rxb7 Qxb7 21. b5 Ra8 22. Na2 Ra5 23. Nb4 Qa7 24. Qb2 Qa8 25. Na6 Qa7 26. Nd2 Bc8 27. Nb4 1/2-1/2

[Event "SVK-chT2D 0607"]
[Site "Slovakia"]
[Date "2006.12.16"]
[Round "5.4"]
[White "Mrazik, Lubomir"]
[Black "Levicky, Michal"]
[Result "1-0"]
[WhiteElo "2099"]
[BlackElo "1749"]
[PlyCount "23"]
[EventDate "2006.10.14"]
[EventType "team-tourn"]
[EventRounds "11"]
[EventCountry "SVK"]
[SourceTitle "EXT 2008"]
[Source "ChessBase"]
[SourceDate "2007.11.25"]
[SourceVersion "1"]
[SourceVersionDate "2007.11.25"]
[SourceQuality "1"]
[WhiteTeam "Humenne Reinter"]
[BlackTeam "Michalovce Zemplin III"]
[WhiteTeamCountry "SVK"]
[BlackTeamCountry "SVK"]

1. e4 e6 2. d4 d5 3. Nc3 dxe4 4. Nxe4 Be7 5. Nf3 Nf6 6. Bd3 Nbd7 7. 0-0 b6 8. Ne5 0-0 9. Qf3 Nxe5 10. Nxf6+ Bxf6 11. dxe5 Rb8 12. Bh6 1-0